| 000 | 00451nam a2200157 a 4500 | ||
|---|---|---|---|
| 001 | 000027946 | ||
| 005 | 20200930031225.0 | ||
| 008 | 110406s2010 sp a 000 0 spa d | ||
| 020 | _a9789962040255 | ||
| 040 |
_aDO-SdBNP _bspa _cBNPHU |
||
| 082 |
_axxx _bxxx |
||
| 100 | 1 |
_aSerrats, martha _955012 |
|
| 245 | 1 | 0 |
_aMil ideas de diseƱo de jardines / _cMartha Serrats. |
| 260 |
_aBarcelona : _bLexus Editores, _c2010. |
||
| 300 |
_a419 p. : _bils. ; _c28 cm. |
||
| 999 |
_c27438 _d27438 |
||